| 000 | 00000nam##2200000za#4500 |
| 001 | 9.588803 |
| 003 | CaOODSP |
| 005 | 20210624195326 |
| 007 | cr ||||||||||| |
| 008 | 150406|1989||||xxc|||||o f|0| 0 eng|d |
| 040 | |aCaOODSP|beng |
| 041 | |aeng |
| 041 | |afre |
| 043 | |an-cn--- |
| 086 | 1 |aCS98-110/1989-PDF |
| 245 | 00|aCalgary |h[electronic resource] |
| 260 | |aOttawa - Ontario : |bStatistics Canada |c1989. |
| 490 | 1 |aMetropolitan atlas series |v98-110 |
| 500 | |aHistorical census publication digitized by Statistics Canada. |
| 590 | |a13-07-Supp|b2013-03-25 |
| 690 | 07|aCensus data|2gcpds |
| 690 | 07|aDemographic maps|2gcpds |
| 710 | 2 |aStatistics Canada. |
| 792 | |tCalgary |efre|w(CaOODSP)9.588804 |
| 830 | #0|aMetropolitan atlas series ;|v98-110|w(CaOODSP)9.500695 |
| 856 | 40|ahttp://publications.gc.ca|qPDF|s33.4 MB|uhttps://publications.gc.ca/collections/collection_2013/statcan/rh-hc/CS98-110-1989.pdf|y98-110 |